000
00229 a2200097 4500
001
13356
100
_a
Frischwasser, H.F
245
_a
The frontiers of a nation
260
_a
London
_b
the batohworth press
_c
090
_c
10372
_d
10372
942
_a
NUST-CAE
_c
M
_c
417
999
_c
248429
_d
248429